000 00622nam a2200169 i 4500
001 46234
003 ES-MaACL
005 20230906161339.0
007 t|
008 030328s1925 sp ||||1| spa d
111 2 _aConferencia Nacional de la Minería (
_d1925.
_cMadrid)
_9218
245 1 0 _aConferencia Nacional de la Minería [celebrado] durante los días 18 al 23 de abril de 1925 /
_cPresidencia de Gobierno, Consejo de la Economía Nacional.
260 _aMadrid :
_b[s.n.,
_c1925] (
_fGráficas Reunidas)
300 _a461 p.
710 2 _aConsejo de Economía Nacional (España)
_9171209
852 _aES-MaACL
_jG-828
999 _c46234
_d46234